| 000 | 00705cam a22002531 4500 | ||
|---|---|---|---|
| 001 | 8398668 | ||
| 003 | OSt | ||
| 005 | 20230626084541.0 | ||
| 008 | 781102s1954 gw j b 000 0 eng | ||
| 010 | _aa 56001087 | ||
| 015 | _aGB56-17225 | ||
| 035 | _a(OCoLC)4342856 | ||
| 040 |
_aDLC _cArU _dUk _dDLC |
||
| 042 | _apremarc | ||
| 082 |
_a330.968 _bKEI |
||
| 100 | 1 | _aReusch, Richard. | |
| 245 | 0 | 0 | _aHistory of East Africa. |
| 260 |
_a[Stuttgart] _bEvang. Missionsverlag, _c1954. |
||
| 300 |
_a343 p. _bgeneal. tables. _c21 cm. |
||
| 504 | _a"Foot-notes" (bibliographical): p. 329-341. | ||
| 651 | 0 |
_aAfrica, East _xHistory. |
|
| 906 |
_a7 _bcbc _coclcrpl _du _encip _f19 _gy-gencatlg |
||
| 942 |
_2ddc _cBK |
||
| 999 |
_c2583 _d2583 |
||